000 00359nam a22001577a 4500
005 20231127145408.0
008 231103b |||||||| |||| 00| 0 eng d
082 _a616.15
_bHAE
245 _a PSH book of Haematology
250 _a1st ed.
260 _aPakistan
_bPSH
_c1917
300 _a240
500 _aInclude Index
650 _aMedical
999 _c34688
_d34688